AN INTRODUCTION TO THE MECHANICS OF SOLIDS (Record no. 583696)

000 -LEADER
fixed length control field 00309nam a22001217a 4500
082 ## - DEWEY DECIMAL CLASSIFICATION NUMBER
Classification number 620.1 ARC'I
100 ## - MAIN ENTRY--PERSONAL NAME
Personal name COOK, N. H,CRANDELL, S. H,ARCHER, R. R
9 (RLIN) 78588
245 ## - TITLE STATEMENT
Title AN INTRODUCTION TO THE MECHANICS OF SOLIDS
250 ## - EDITION STATEMENT
Edition statement 2ND
260 ## - PUBLICATION, DISTRIBUTION, ETC.
Place of publication, distribution, etc. NEWYORK
Name of publisher, distributor, etc. MCGRAW HILL
Date of publication, distribution, etc. 1972
300 ## - PHYSICAL DESCRIPTION
Extent 620P
942 ## - ADDED ENTRY ELEMENTS (KOHA)
Koha item type Book
Holdings
Withdrawn status Lost status Source of classification or shelving scheme Damaged status Not for loan Permanent Location Current Location Shelving location Date acquired Full call number Barcode Date last seen Price effective from Koha item type Public note
          College of Electrical & Mechanical Engineering (CEME) College of Electrical & Mechanical Engineering (CEME) General Stacks 06/19/2017 620.1 ARC'I CEME-8122 06/28/2021 06/28/2021 Book 4.1
© 2023 Central Library, National University of Sciences and Technology. All Rights Reserved.